000 00521nam a2200193 u 4500
005 20230602063745.0
008 100517s2008 mx r 000 0 spa d
020 _a9789700919300
035 _aUPN01000175868
049 _aCG
050 4 _aPQ7298.423 A4.6
_bB5.4
100 1 _aMalpica Maury, Antonio,
_d1967-
_930238
245 1 0 _aBillie Luna Galofrante /
_cAntonio Malpica.
260 _aMéxico :
_bNorma,
_c2008.
300 _a341 p.
440 0 _aZona libre
650 4 _aNovela mexicana
_94557
905 _aLibro
999 _c147971
_d147971